| 000 | 00471nam a2200145Ia 4500 | ||
|---|---|---|---|
| 003 | GCL | ||
| 008 | 140319s9999 xx 000 0 ara d | ||
| 040 |
_aGCL / _cGCL |
||
| 082 | 0 | 4 |
_aم _b327.143 _bا م |
| 100 | 1 | _aابراهيم ابوعرقوب | |
| 245 | 1 | 0 |
_aمعجم مصطلحات الحرب النفسية عربى انكليزى - انكليزى عربى / _cابراهيم ابوعرقوب |
| 700 | 1 | _aسليمان الطعانى | |
| 300 | _a129 ص | ||
| 490 | _a | ||
| 999 |
_c48251 _d48251 |
||